000 nam a22 7a 4500
999 _c29020
_d29020
008 170926b xxu||||| |||| 00| 0 eng d
020 _a85255117
050 _aHC 865 .I53 1988
100 _aPeter Coughlin.
245 _aIndustrialization in Kenya/
260 _aNairobi:
_bEast African Educational Publishers ,
_c1988
300 _avii,328p. :
_bill.;
_c20.4cm.
504 _aincludes index
942 _2lcc
_cSH_L_BOOKS
_hHC 865 .I53 1988